000 00417nam a22001217a 4500
082 _a220 PRO
100 _aOkasha Mahmood Huzaifa Rehman Muhammad Umair Hafiz Talha Khurram
_971493
245 _aPR-SOF-1789-Automated Precision Guided System
260 _aISLAMABAD
_bNUST COLLEGE OF EME
_c2019
650 _a DE-MTS-37 DECLASS
_971494
700 _aSupervisors Dr. Nauman Razzaq Dr. Hamid Jabbar
_971495
942 _cCR
999 _c577982
_d577982